| 000 | 00653nam a22002297a 4500 | ||
|---|---|---|---|
| 999 |
_c232747 _d232747 |
||
| 003 | Nust | ||
| 005 | 20200617141149.0 | ||
| 008 | 170223b xxu||||| |||| 00| 0 eng d | ||
| 038 | _aMr. Zahoor | ||
| 040 | _c0 | ||
| 050 | _a | ||
| 082 | _a363.7 | ||
| 100 |
_aHayder, Imran _929185 |
||
| 245 |
_aCiprofloxacin Degradation Using Titania Nanoparticles / _cImran Hayder |
||
| 260 |
_aIslamabad _bIESE - NUST, _c2013. |
||
| 300 |
_a42 p. _b ill. ; |
||
| 440 |
_aMS Environmental Science _91724 |
||
| 500 | _aThesis MS ES | ||
| 650 |
_aEnvironmental Science _91725 |
||
| 700 | _4Dr. Ishtiaq A Qazi (Supervisor) | ||
| 942 |
_2ddc _cTHE _kIESE |
||